| 000 | 00666cam a22002413a 4500 | ||
|---|---|---|---|
| 001 | 32950 | ||
| 003 | PGUSA | ||
| 005 | 20140828083719.0 | ||
| 008 | 100623s2010||||xxu|||||s|||||000 | eng d | ||
| 040 |
_aPGUSA _beng |
||
| 042 | _adc | ||
| 050 | 4 | _aSK | |
| 100 | 1 |
_aWhite, Stewart Edward, _d1873-1946 |
|
| 245 | 1 | 0 |
_aCamp and Trail _h[electronic resource] / _cStewart Edward White |
| 260 |
_bProject Gutenberg, _c2010 |
||
| 506 | _aPublic domain in the USA. | ||
| 516 | _aElectronic text | ||
| 653 | _aCamping | ||
| 700 | 1 |
_aLungren, Fernand, _d1857-1932 |
|
| 830 | 0 |
_aProject Gutenberg _v32950 |
|
| 856 | 4 | 0 | _uhttp://www.gutenberg.org/ebooks/32950 |
| 942 | _cEB | ||
| 999 |
_c262205 _d262205 |
||